000 00763nam a2200253Ia 4500
003 OSt
005 20220918223328.0
006 a|||||r|||| 00| 0
007 ta
008 220917b |||||||| |||| 00| 0 eng d
024 _a221,967
037 _cTextual
040 _aARTS
_cARTS
_beng
041 _2eng
_aeng
082 _aV2.N47, P3
100 _aDeschaumes Ghislaine Glasson Ed.
_9145503
245 0 _aDivided countries, separated cities
_b The modern legacy of partition
260 _aNew Delhi
_bOxford Univ. press
_c2003
300 _aix, 192p
_ccm.
650 _aHISTORY
700 _a Ivekovic Rada Ed.
_9145504
942 _hV2.N47, P3
_cTEXL
_2CC
999 _c278156
_d278156